Loreto College Library, Kolkata
WEBOPAC (ONLINE PUBLIC ACCESS CATALOGUE)

The christian missionaries in Bengal 1793 - 1833 (Record no. 24786)

MARC details
000 -LEADER
fixed length control field 00568nam a2200181Ia 4500
008 - FIXED-LENGTH DATA ELEMENTS--GENERAL INFORMATION
fixed length control field 131103s9999 xx 000 0 und d
040 ## - CATALOGING SOURCE
Original cataloging agency Loreto College
041 ## - LANGUAGE CODE
Language code English
082 ## - DDC | ডিউই
Classification number | বর্গসংখ্যা 370.954/SEN
Book Number | গ্রন্থাঙ্ক LCLIB(Press)/34070
100 ## - MAIN ENTRY--PERSONAL NAME | মুখ্য সংলেখ - ব্যাক্তিনাম
Personal name | ব্যাক্তিনাম Sen Gupta, Kanti Prasanna
245 #4 - TITLE STATEMENT | অাখ্যা বিবরণী
Title | অাখ্যা The christian missionaries in Bengal 1793 - 1833
Statement of responsibility | লেখকের দায়িত্বের বিবরণ Kanti Prasanna Sen Gupta
260 ## - IMPRINT | প্রকাশনা ক্ষেত্র
Place of publication | প্রকাশ স্থান Calcutta
Name of publisher | প্রকাশকের নাম [s.n.]
Date of publication | প্রকাশ কাল 1971
300 ## - PHYSICAL DESCRIPTION |
Page / Vol. No | পৃষ্ঠা / খন্ড সংখ্যা xii,240p.
504 ## - BIBLIOGRAPHY, ETC. NOTE
Bibliography, etc Includes bibliographical references & appendix
650 ## - SUBJECT ADDED ENTRY--TOPICAL TERM | বিষয় শিরোনাম - মূল বিষয়
Topical term | মূল বিষয় India - education
850 ## - HOLDING INSTITUTION
Holding institution LCLIB/370.954/SEN
942 ## - ADDED ENTRY ELEMENTS (KOHA)
Koha item type Books
Holdings
Withdrawn status Lost status Damaged status Not for loan Home library Current library Date acquired Total Checkouts Full call number Accession No. Date last seen Price effective from Koha item type
        Loreto College Loreto College 04/11/2013   370.954/SEN LCLIB(Press)/34070 B27555 04/11/2013 04/11/2013 Books